[Event "Stuttgart-chB int"]
[Site "Ditzingen"]
[Date "2013.05.12"]
[Round "7"]
[White "Fuerderer, Carl"]
[Black "Lisin, Wladimir"]
[Result "1/2-1/2"]
[WhiteElo "1586"]
[BlackElo "1487"]
[PlyCount "103"]
[EventDate "2013.05.09"]
[EventType "swiss"]
[EventRounds "7"]
[EventCountry "GER"]
[SourceTitle "EXT 2014"]
[Source "ChessBase"]
[SourceDate "2013.11.20"]
[SourceVersion "1"]
[SourceVersionDate "2013.11.20"]
[SourceQuality "1"]

1. e4 d5 2. exd5 Nf6 3. Bc4 Nxd5 4. Qf3 e6 5. Nc3 c6 6. Nge2 Nd7 7. d4 Qf6 8. Qxf6 N7xf6 9. Bd2 Bd6 10. g3 0-0 11. Nf4 Nxc3 12. Bxc3 Bxf4 13. gxf4 Ne4 14. Bb4 Rd8 15. c3 a5 16. Be7 Rd7 17. Bh4 b5 18. Bd3 f5 19. f3 Nd6 20. 0-0-0 Bb7 21. Rde1 Kf7 22. Rhg1 Nc4 23. b3 Nb6 24. Re2 Nd5 25. Rge1 Nxf4 26. Rd2 Nxd3+ 27. Rxd3 c5 28. Rde3 cxd4 29. Rxe6 Bxf3 30. Re7+ Rxe7 31. Rxe7+ Kf8 32. cxd4 Rc8+ 33. Kd2 Be4 34. Ke3 Rc3+ 35. Kf4 h6 36. Rxe4 fxe4 37. Kxe4 g5 38. Bg3 a4 39. bxa4 bxa4 40. Kd5 Kf7 41. Kd6 h5 42. d5 Rxg3 43. hxg3 h4 44. gxh4 gxh4 45. Kc7 h3 46. d6 h2 47. d7 h1Q 48. d8Q Qh2+ 49. Qd6 Qxa2 50. Qd7+ Kf6 51. Qd6+ Qe6 52. Qf4+ 1/2-1/2

[Event "Stuttgart-chB int"]
[Site "Ditzingen"]
[Date "2013.05.10"]
[Round "4"]
[White "Lisin, Wladimir"]
[Black "Toenjes, Juergen"]
[Result "1/2-1/2"]
[WhiteElo "1487"]
[BlackElo "1689"]
[PlyCount "85"]
[EventDate "2013.05.09"]
[EventType "swiss"]
[EventRounds "7"]
[EventCountry "GER"]
[SourceTitle "EXT 2014"]
[Source "ChessBase"]
[SourceDate "2013.11.20"]
[SourceVersion "1"]
[SourceVersionDate "2013.11.20"]
[SourceQuality "1"]

1. d4 d6 2. c4 e5 3. dxe5 dxe5 4. Qxd8+ Kxd8 5. e4 c6 6. Bd2 Be6 7. Nc3 f6 8. Nf3 Nd7 9. 0-0-0 Bc5 10. Be1 Kc7 11. Nd2 Nh6 12. Nb3 Be7 13. h3 Nc5 14. Nxc5 Bxc5 15. Na4 Be7 16. Kb1 Rad8 17. Rc1 Rd7 18. c5 Rd4 19. Ba5+ Kc8 20. Nc3 Bd8 21. Bxd8 Rhxd8 22. f3 Ng8 23. g4 Rd2 24. Be2 Ne7 25. Rhd1 Ng6 26. Rxd2 Rxd2 27. Rd1 Rxd1+ 28. Nxd1 Nf4 29. Bf1 h5 30. b4 hxg4 31. hxg4 Kc7 32. Kb2 g6 33. Ne3 g5 34. a4 Ng6 35. b5 b6 36. cxb6+ axb6 37. Kc3 Ne7 38. Be2 cxb5 39. axb5 Kd6 40. Bc4 Bxc4 41. Kxc4 Ke6 42. Kb4 Kd6 43. Nc4+ 1/2-1/2